Hanya suatu permintaan

Bibliographic Details
Main Author: Nur Ikhwan
Format: Book
Published: Kuala Lumpur : Edaran Kemajuan , 2006
Series:Siri cereka sewangi kasih remaja
Subjects:

MARC

LEADER 00000cam a2200000 7i4500
001 0000000284
005 20151222.0
008 070628
020 |a 9833440126 
090 0 0 |a JF   |b MAL (147) 
100 0 |a Nur Ikhwan 
245 1 0 |a Hanya suatu permintaan   |c Nur Ikhwan 
260 |a Kuala Lumpur :   |b Edaran Kemajuan ,   |c 2006 
440 0 |a Siri cereka sewangi kasih remaja 
500 |a Children ages 7-9 years old (orange) 
650 0 |a Malay fiction 
999 |a 0000955449   |b Book   |c Children Collection   |e Cawangan Batu Pahat 
999 |a 0000955450   |b Book   |c Children Collection   |e Perbadanan Perpustakaan Awam Johor 
999 |a 0000955451   |b Book   |c Children Collection   |e Cawangan Bandar Penawar 
999 |a 0000955452   |b Book   |c Children Collection   |e Perbadanan Perpustakaan Awam Johor 
999 |a 0000955453   |b Book   |c Children Collection   |e Perbadanan Perpustakaan Awam Johor 
999 |a 0001043681   |b Book   |c Children Collection   |e Cawangan Bukit Gambir 
999 |a 0001043682   |b Book   |c Children Collection   |e Cawangan Tmn. Ungku Tun Aminah 
999 |a 0001043683   |b Book   |c Children Collection   |e Cawangan Segamat 
999 |a 0001043685   |b Book   |c Children Collection   |e Cawangan Tangkak 
999 |a 0001072546   |b Book   |c Children Collection   |e Cawangan Taman Universiti